Statistics for Hızlı Matematik - Bu Sayıyı İkiye Katlayın!

Click here to take the quiz!

General Stats

  • This quiz has been taken 566 times
  • The average score is 10 of 20

Answer Stats

sayıçift% Correct
510
100%
5081016
100%
5211042
100%
5221044
100%
612
100%
714
100%
7021404
100%
7441488
100%
7501500
100%
7571514
100%
8031606
100%
8111622
100%
8221644
100%
90180
100%
9231846
100%
102204
100%
107214
100%
115230
100%
122244
100%
144288
100%
195390
100%
209418
100%
210420
100%
218436
100%
2448
100%
260520
100%
3162
100%
3264
100%
342684
100%
3570
100%
481962
100%
62124
90%
61122
89%
1122
89%
160320
89%
50100
88%
5071014
88%
51102
88%
5301060
88%
60120
88%
72144
88%
76152
88%
94188
88%
1020
88%
109218
88%
1428
88%
324648
88%
340680
88%
6041208
86%
7001400
86%
7401480
86%
79158
86%
7901580
86%
8001600
86%
9301860
86%
1530
86%
2142
86%
227454
86%
493986
86%
250500
85%
5001000
83%
5861172
83%
6431286
83%
6501300
83%
6601320
83%
85170
83%
111222
83%
119238
83%
1224
83%
142284
83%
182364
83%
2040
83%
231462
83%
242484
83%
404808
83%
4284
83%
460920
83%
415830
82%
5191038
80%
5311062
80%
6221244
80%
64128
80%
7221444
80%
88176
80%
9101820
80%
96192
80%
104208
80%
105210
80%
143286
80%
170340
80%
212424
80%
216432
80%
240480
80%
2856
80%
350700
80%
360720
80%
370740
80%
373746
80%
400800
80%
418836
80%
4590
80%
4998
80%
1632
78%
2244
78%
2550
78%
331662
78%
3468
78%
406812
78%
244488
77%
5231046
75%
5591118
75%
57114
75%
5701140
75%
5841168
75%
6011202
75%
6171234
75%
6321264
75%
65130
75%
68136
75%
73146
75%
8011602
75%
8311662
75%
8431686
75%
918
75%
9191838
75%
9261852
75%
9271854
75%
9291858
75%
93186
75%
9381876
75%
9451890
75%
9641928
75%
101202
75%
123246
75%
128256
75%
133266
75%
137274
75%
171342
75%
1938
75%
228456
75%
2346
75%
245490
75%
258516
75%
300600
75%
310620
75%
316632
75%
320640
75%
323646
75%
379758
75%
4182
75%
439878
75%
440880
75%
4794
75%
472944
75%
8411682
73%
5021004
71%
5101020
71%
5541108
71%
6951390
71%
71142
71%
84168
71%
8471694
71%
9901980
71%
114228
71%
146292
71%
1734
71%
193386
71%
205410
71%
207414
71%
222444
71%
291582
71%
292584
71%
3060
71%
3876
71%
410820
71%
5041008
70%
5331066
70%
6731346
70%
82164
70%
9601920
70%
150300
70%
202404
70%
211422
70%
402804
70%
407814
70%
5181036
67%
53106
67%
5321064
67%
5461092
67%
5471094
67%
5511102
67%
5571114
67%
56112
67%
5721144
67%
5801160
67%
59118
67%
6181236
67%
6421284
67%
6541308
67%
66132
67%
6631326
67%
6701340
67%
6871374
67%
6901380
67%
70140
67%
7071414
67%
7101420
67%
7241448
67%
7321464
67%
7411482
67%
75150
67%
7601520
67%
7731546
67%
78156
67%
80160
67%
8241648
67%
8251650
67%
83166
67%
8371674
67%
8381676
67%
9001800
67%
9031806
67%
9081816
67%
92184
67%
9401880
67%
99198
67%
100200
67%
117234
67%
120240
67%
126252
67%
131262
67%
132264
67%
232464
67%
233466
67%
259518
67%
272544
67%
276552
67%
284568
67%
301602
67%
302604
67%
303606
67%
308616
67%
321642
67%
329658
67%
330660
67%
353706
67%
361722
67%
363726
67%
380760
67%
381762
67%
390780
67%
391782
67%
4080
67%
423846
67%
435870
67%
436872
67%
441882
67%
444888
67%
470940
67%
482964
67%
5121024
64%
257514
64%
334668
64%
382764
64%
408816
64%
52104
63%
5401080
63%
6101220
63%
6231246
63%
6831366
63%
7031406
63%
8051610
63%
8521704
63%
86172
63%
89178
63%
156312
63%
163326
63%
180360
63%
220440
63%
280560
63%
305610
63%
325650
63%
401802
63%
414828
63%
446892
63%
4692
63%
5141028
60%
5281056
60%
5411082
60%
5421084
60%
5931186
60%
6061212
60%
6151230
60%
6671334
60%
69138
60%
7091418
60%
7201440
60%
7331466
60%
7371474
60%
7761552
60%
8461692
60%
87174
60%
8711742
60%
8751750
60%
8931786
60%
8991798
60%
9011802
60%
9201840
60%
9281856
60%
112224
60%
161322
60%
189378
60%
204408
60%
215430
60%
230460
60%
238476
60%
251502
60%
261522
60%
299598
60%
341682
60%
351702
60%
386772
60%
413826
60%
430860
60%
474948
60%
479958
60%
480960
60%
485970
60%
494988
60%
495990
60%
135270
58%
422844
58%
5151030
57%
5161032
57%
5521104
57%
6081216
57%
6111222
57%
6161232
57%
6201240
57%
6551310
57%
6641328
57%
6761352
57%
7191438
57%
8081616
57%
81162
57%
8801760
57%
91182
57%
9161832
57%
9171834
57%
110220
57%
124248
57%
139278
57%
153306
57%
165330
57%
206412
57%
208416
57%
234468
57%
252504
57%
281562
57%
286572
57%
2958
57%
306612
57%
327654
57%
365730
57%
395790
57%
4386
57%
477954
57%
497994
57%
5061012
56%
5201040
56%
5551110
56%
7141428
56%
9021804
56%
9141828
56%
9151830
56%
235470
56%
2754
56%
274548
56%
314628
56%
337674
56%
6381276
55%
343686
55%
344688
55%
375750
55%
432864
55%
490980
55%
5431086
54%
7131426
54%
5051010
50%
5171034
50%
5241048
50%
54108
50%
5481096
50%
55110
50%
5601120
50%
5751150
50%
58116
50%
5811162
50%
5831166
50%
5851170
50%
5991198
50%
6001200
50%
6021204
50%
6031206
50%
6121224
50%
6241248
50%
6251250
50%
6281256
50%
6291258
50%
63126
50%
6331266
50%
6361272
50%
6371274
50%
6441288
50%
6481296
50%
6491298
50%
67134
50%
6791358
50%
6801360
50%
6921384
50%
6931386
50%
6991398
50%
7051410
50%
7351470
50%
7361472
50%
7471494
50%
7491498
50%
7521504
50%
7551510
50%
7611522
50%
7621524
50%
7651530
50%
7691538
50%
7701540
50%
7831566
50%
7921584
50%
7971594
50%
816
50%
8041608
50%
8101620
50%
8191638
50%
8281656
50%
8351670
50%
8451690
50%
8481696
50%
8491698
50%
8501700
50%
8681736
50%
8701740
50%
8771754
50%
8851770
50%
8901780
50%
8911782
50%
9061812
50%
9111822
50%
9391878
50%
9431886
50%
95190
50%
9501900
50%
9551910
50%
9561912
50%
97194
50%
9741948
50%
9761952
50%
9771954
50%
98196
50%
9801960
50%
9931986
50%
103206
50%
106212
50%
1326
50%
130260
50%
136272
50%
138276
50%
145290
50%
147294
50%
149298
50%
157314
50%
158316
50%
162324
50%
168336
50%
169338
50%
172344
50%
181362
50%
183366
50%
185370
50%
191382
50%
214428
50%
225450
50%
229458
50%
236472
50%
241482
50%
247494
50%
248496
50%
255510
50%
262524
50%
263526
50%
265530
50%
270540
50%
290580
50%
304608
50%
311622
50%
312624
50%
317634
50%
345690
50%
346692
50%
368736
50%
377754
50%
385770
50%
389778
50%
3978
50%
398796
50%
399798
50%
403806
50%
420840
50%
421842
50%
426852
50%
427854
50%
429858
50%
433866
50%
434868
50%
4488
50%
442884
50%
450900
50%
451902
50%
453906
50%
455910
50%
459918
50%
461922
50%
466932
50%
486972
50%
6911382
46%
8021604
46%
443886
46%
7081416
45%
7121424
45%
7771554
45%
8141628
45%
8591718
45%
167334
45%
338676
45%
348696
45%
496992
45%
5891178
44%
6621324
44%
6881376
44%
7111422
44%
7801560
44%
7931586
44%
8091618
44%
8601720
44%
9221844
44%
151302
44%
184368
44%
188376
44%
221442
44%
253506
44%
293586
44%
313626
44%
326652
44%
352704
44%
356712
44%
411822
44%
416832
44%
463926
44%
5561112
43%
5631126
43%
6411282
43%
6531306
43%
8181636
43%
8261652
43%
8531706
43%
8741748
43%
8761752
43%
8831766
43%
8961792
43%
9071814
43%
9121824
43%
9331866
43%
9671934
43%
9701940
43%
9731946
43%
9881976
43%
9911982
43%
174348
43%
190380
43%
198396
43%
199398
43%
297594
43%
328656
43%
339678
43%
354708
43%
355710
43%
3774
43%
412824
43%
419838
43%
445890
43%
454908
43%
483966
43%
489978
43%
5351070
42%
8571714
42%
8871774
42%
315630
42%
5031006
40%
5111022
40%
5341068
40%
5441088
40%
5451090
40%
5621124
40%
5761152
40%
6301260
40%
6311262
40%
6781356
40%
6821364
40%
6941388
40%
7061412
40%
7211442
40%
7341468
40%
7821564
40%
7861572
40%
8361672
40%
8551710
40%
8611722
40%
8651730
40%
9491898
40%
129258
40%
175350
40%
192384
40%
200400
40%
226452
40%
249498
40%
273546
40%
358716
40%
362724
40%
378756
40%
409818
40%
448896
40%
462924
40%
476952
40%
4896
40%
499998
40%
6451290
38%
6691338
38%
6861372
38%
7011402
38%
7661532
38%
77154
38%
8211642
38%
8421684
38%
8511702
38%
8921784
38%
9321864
38%
113226
38%
116232
38%
186372
38%
219438
38%
295590
38%
372744
38%
392784
38%
425850
38%
437874
38%
487974
38%
6391278
36%
7041408
36%
7511502
36%
9361872
36%
187374
36%
484968
36%
5091018
33%
5491098
33%
5501100
33%
5641128
33%
5741148
33%
5951190
33%
6091218
33%
6341268
33%
6401280
33%
6511302
33%
6711342
33%
6741348
33%
6841368
33%
6981396
33%
7161432
33%
7251450
33%
7261452
33%
7271454
33%
74148
33%
7431486
33%
7541508
33%
7641528
33%
7711542
33%
7741548
33%
7781556
33%
7791558
33%
7851570
33%
7941588
33%
7951590
33%
8061612
33%
8151630
33%
8161632
33%
8171634
33%
8201640
33%
8301660
33%
8321664
33%
8391678
33%
8441688
33%
8691738
33%
8791758
33%
8861772
33%
8951790
33%
9041808
33%
9051810
33%
9351870
33%
9461892
33%
9471894
33%
9481896
33%
9811962
33%
9831966
33%
9841968
33%
9851970
33%
118236
33%
125250
33%
134268
33%
152304
33%
178356
33%
179358
33%
1836
33%
201402
33%
203406
33%
213426
33%
223446
33%
246492
33%
2652
33%
264528
33%
269538
33%
289578
33%
294588
33%
309618
33%
319638
33%
322644
33%
3366
33%
332664
33%
3672
33%
376752
33%
384768
33%
397794
33%
424848
33%
449898
33%
452904
33%
456912
33%
458916
33%
475950
33%
5661132
31%
9511902
31%
5291058
30%
5371074
30%
9311862
30%
9751950
30%
285570
30%
405810
30%
488976
30%
5361072
29%
5771154
29%
5901180
29%
6271254
29%
6751350
29%
6891378
29%
6961392
29%
7381476
29%
7721544
29%
7811562
29%
8131626
29%
8561712
29%
8631726
29%
8721744
29%
8841768
29%
9211842
29%
9251850
29%
9521904
29%
9581916
29%
239478
29%
278556
29%
336672
29%
347694
29%
366732
29%
371742
29%
396792
29%
431862
29%
6611322
27%
7281456
27%
8981796
27%
288576
27%
369738
27%
374748
27%
465930
27%
5131026
25%
5251050
25%
5581116
25%
5611122
25%
5881176
25%
5941188
25%
5981196
25%
6131226
25%
6521304
25%
6651330
25%
7301460
25%
7311462
25%
7591518
25%
7681536
25%
7751550
25%
7891578
25%
8231646
25%
8341668
25%
8621724
25%
8731746
25%
9091818
25%
9371874
25%
9411882
25%
9571914
25%
9661932
25%
9681936
25%
9711942
25%
9861972
25%
9891978
25%
154308
25%
173346
25%
197394
25%
224448
25%
237474
25%
271542
25%
277554
25%
279558
25%
282564
25%
283566
25%
298596
25%
333666
25%
335670
25%
357714
25%
417834
25%
467934
25%
5011002
22%
5261052
22%
5271054
22%
5391078
22%
5791158
22%
6661332
22%
9181836
22%
217434
22%
5651130
20%
5711142
20%
5731146
20%
5871174
20%
6581316
20%
6721344
20%
7291458
20%
7391478
20%
7451490
20%
7991598
20%
8291658
20%
8581716
20%
9131826
20%
9341868
20%
9651930
20%
9791958
20%
108216
20%
140280
20%
148296
20%
155310
20%
164328
20%
166332
20%
196392
20%
254508
20%
268536
20%
275550
20%
307614
20%
447894
20%
468936
20%
471942
20%
9631926
18%
5681136
17%
5781156
17%
5911182
17%
5921184
17%
5971194
17%
6051210
17%
6351270
17%
6561312
17%
6971394
17%
7461492
17%
7481496
17%
7531506
17%
7581516
17%
7631526
17%
7841568
17%
7871574
17%
7981596
17%
8331666
17%
8891778
17%
9421884
17%
9611922
17%
9921984
17%
9941988
17%
296592
17%
349698
17%
359718
17%
393786
17%
6191238
15%
5381076
14%
5531106
14%
6681336
14%
6771354
14%
6811362
14%
7671534
14%
8271654
14%
8881776
14%
9541908
14%
9781956
14%
9871974
14%
176352
14%
266532
14%
387774
14%
394788
14%
478956
14%
492984
14%
7561512
13%
159318
13%
243486
13%
438876
13%
6591318
11%
7421484
11%
8941788
11%
6571314
10%
8641728
10%
383766
10%
5691138
9%
5671134
0%
5821164
0%
5961192
0%
6071214
0%
6141228
0%
6211242
0%
6261252
0%
6461292
0%
6471294
0%
6851370
0%
7151430
0%
7171434
0%
7181436
0%
7231446
0%
7881576
0%
7911582
0%
7961592
0%
8071614
0%
8121624
0%
8401680
0%
8541708
0%
8661732
0%
8671734
0%
8781756
0%
8811762
0%
8821764
0%
8971794
0%
9241848
0%
9441888
0%
9531906
0%
9591918
0%
9621924
0%
9691938
0%
9721944
0%
9821964
0%
121242
0%
127254
0%
141282
0%
177354
0%
194388
0%
256512
0%
267534
0%
287574
0%
318636
0%
364728
0%
367734
0%
388776
0%
428856
0%
457914
0%
464928
0%
469938
0%
473946
0%
491982
0%
498996
0%

Score Distribution

Percentile by Number Answered

Percent of People with Each Score

Your Score History

You have not taken this quiz